000 00472nam a22001217a 4500
999 _c10087
_d10087
003 OSt
008 201218b ||||| |||| 00| 0 eng d
245 _aJournal of Digital Information Management
250 _a2011(Aug Vol.9 No.4) 2012(Feb Vol.10 No.1, Apr Vol.10 No.2, Jun Vol.10 No.3, Aug Vol.10 No.4, Oct Vol.10 No.5, Dec Vol.10 No.6)
260 _aChennai, Tamil Nadu
_bDigital Information Research Foundation
650 _aComputer Science Engineering
942 _2ddc
_cBV